1442 1709 1070 1200 1330 1349 1085 1373 1459 1860 1942 1961 1650 1064 1498 1920 1654 1452 1925 1319 1749 1977 1516 1284 1207 1742 1552 1171 1588 1349 1307 1025 1897 1687 1130 1075 1673 1713 1402 1165 1140 1759 1610 1894 1165 1283 1511 1435 1786 1228 1126 1796 1357 1990 1505 1369 1061 1337 1058 1869 1472 1696 1459 1390 1252 1161 1923 1178 1466 1038 1321 1616 1536 1053 1183 1818 1072 1639 1645 1777 1647 1275 1896 1849 1620 1332 1296 1323 1901 1426 1298 1740 1757 1904 1406 1298 1619 1623 1025 BCNSPRNW ULIB Ver.6.0+V

เปลี่ยนเป็นภาษาไทย

Change to English
 แสดงรายละเอียดบรรณานุกรม
  กลับหน้าหลัก

Brief Record : Get Marc (ISO 2709) : E-mail record : QR code < ปิดหน้าต่าง
LEADER : 00000nam 2200000uu 4500
001    13399113869
003     ULIB
008    120110s||||||||th 000 0 tha d
099    วจ.WM172^bว491ค
100 0  วาสนา คงคะดี
245 00 ความสัมพันธ์ระหว่างวิธีการเผชิญความเครียดกับความผาสุกโดยทั่วไปในมารดาที่บุตรเข้ารับการรับการรักษาในหอผู้ป่วยกุมารเวช 1 โรงพยาบาลสวรรค์ประชารักษ์/^cวาสนา คงคะดี และ สิริกานต์ แรงกสิกร
260    นครสวรรค์ :^bวิทยาลัยพยาบาลบรมราชชนนี สวรรค์ประชารักษ์ นครสวรรค์,^c2553
300    58 หน้า
650  7 ความเครียดของมารดา^xวิจัย
650  7 ผู้ป่วยกุมารเวช^xวิจัย
700 0  สิริกานต์ แรงกสิกร
710 1  วิทยาลัยพยาบาลบรมราชชนนี สวรรค์ประชารักษ์ นครสวรรค์
945    ^p0^l0^i030929
945    ^p0^l0^i000267
945    ^p0^l0^i000268
995    ทศพร
999 ^a ทศพร
รายการนี้ยังไม่มีแท็ก
คุณยังไม่ได้ล็อกอิน คุณสามารถมีกิจกรรมร่วมกับเว็บไซต์ได้ แต่ต้องล็อกอินก่อน ::
  ล็อกอิน

รายการสื่อสารสนเทศ

ลำดับที่ ประเภท เลขเรียก/บาร์โค้ด สถานที่ สถานะ
1. งานวิจัย
งานวิจัย
วจ.WM172 ว491ค ฉ.1 
  Barcode: 030929
ห้องสมุดวิทยาเขตสวรรค์ประชารักษ์
►วิจัย
บนชั้น
2. งานวิจัย
งานวิจัย
วจ.WM172 ว491ค ฉ.2 
  Barcode: 000267
ห้องสมุดวิทยาเขตสวรรค์ประชารักษ์
►วิจัย
บนชั้น
3. งานวิจัย
งานวิจัย
วจ.WM172 ว491ค ฉ.3 
  Barcode: 000268
ห้องสมุดวิทยาเขตสวรรค์ประชารักษ์
►วิจัย
บนชั้น

รายการใกล้เคียง
    ผู้แต่ง [วาสนา คงคะดี]

BibComment


ยังไม่เคยถูกคอมเมนท์

คอมเมนท์ทรัพยากรรายการนี้
  คอมเมนท์: ความสัมพันธ์ระหว่..


 Copyright 2026. Bcnsprnw @Library